Strategic Entrepreneurship (Record no. 3216)

MARC details
005 - DATE AND TIME OF LATEST TRANSACTION
control field 20250605121101.0
020 ## - INTERNATIONAL STANDARD BOOK NUMBER
International Standard Book Number 978-0-273- 70642-7
100 ## - MAIN ENTRY--PERSONAL NAME
Author name WICKHAM, p. A
245 ## - TITLE STATEMENT
Title Strategic Entrepreneurship
250 ## - EDITION STATEMENT
Edition statement 4th Ed
260 ## - PUBLICATION, DISTRIBUTION, ETC.
Place of publication, distribution, etc. New york
Name of publisher, distributor, etc. Pearson Education Limited
Date of publication, distribution, etc. 2006
300 ## - PHYSICAL DESCRIPTION
Extent xxxiv, 612p.:ill.; figure, graph, table
Other physical details Index.
Dimensions 24cm
942 ## - ADDED ENTRY ELEMENTS (KOHA)
Source of classification or shelving scheme Dewey Decimal Classification
Koha item type Books
Holdings
Date last seen Total checkouts Full call number Barcode Cost, replacement price Price effective from Koha item type Lost status Source of classification or shelving scheme Damaged status Not for loan Withdrawn status Home library Current library Shelving location Date acquired Source of acquisition Cost, normal purchase price Date last checked out
06/05/2025   658.041 WIC MBY000105 154200.00 06/05/2025 Books   Dewey Decimal Classification       CBE MBEYA CBE MBEYA Special Reserve Collection 08/21/2019 Purchase 154200.00  
06/05/2025   658.041 WIC MBY000288 462600.00 06/05/2025 Books   Dewey Decimal Classification       CBE MBEYA CBE MBEYA General Collection 08/21/2017 Purchase 154200.00  
06/23/2025   658.041 WIC MBY000286 81000.00 06/23/2025 Books   Dewey Decimal Classification       CBE MBEYA CBE MBEYA General Collection 06/22/2022 Purchase 28000.00  
01/19/2026 1 658.041 WIC MBY000287 81000.00 06/23/2025 Books   Dewey Decimal Classification       CBE MBEYA CBE MBEYA General Collection 06/22/2022 Purchase 28000.00 01/06/2026